ბათუმის შოთა რუსთაველის სახელმწიფო უნივერსიტეტის ბიბლიოთეკა

მკითხველებთან მუშაობის მეთოდები და მომსახურების ორგანიზაცია (ბიბ.ჩანაწერი № 38274)

000 -ლიდერი
ფიქსირებული სიგრძის საკონტროლო ველი 01262nam a2200265Ia 4500
001 - საკონტროლო ნომერი
საკონტროლო ველი 4281
003 - საკონტროლო ნომრის იდენტიფიკატორი
საკონტროლო ველი GE_BSU
005 - ბოლო ოპერაციის თარიღი და დრო
საკონტროლო ველი 20191015154248.0
008 - ფიქსირებული სიგრძის მონაცემთა ელემენტები - ზოგადი ინფორმაცია
ფიქსირებული სიგრძის საკონტროლო ველი 181216s||||||||xx |||||||||||||| ||und||
040 ## - კატალოგიზაციის წყარო
Transcribing agency GE_BSU
041 ## - ენის კოდი
Language code of text/sound track or separate title geo
080 ## - უნივერსალური ათობითი კლასიფიკაციის ინდექსი
Universal Decimal Classification number 024.5 ლ–85
100 ## - მთავარი ჩანაწერი - პიროვნების სახელი
Personal name ლორია, ა.
9 (RLIN) 4721
245 ## - ცნობა სათაურის შესახებ
Title მკითხველებთან მუშაობის მეთოდები და მომსახურების ორგანიზაცია
Statement of responsibility, etc რედ.: ს. ხადური, ნ. გურგენიძე.
264 ## - წარმოების, გამოცემის, დისტრიბუციის და სხვა ცნობები
გამოცემის, წარმოების, დისტრიბუციის... ადგილი თბილისი :
გამოცემის, წარმოების, დისტრიბუციის... სახელწოდება მეცნიერება,
გამოცემის, წარმოების, დისტრიბუციის... თარიღი 1985.
300 ## - ფიზიკური აღწერა
Extent 158 გვ. ;
Other physical details 20 სმ.
504 ## - BIBLIOGRAPHY, ETC. NOTE
Bibliography, etc ბიბლიოგრ. თავების ბოლოს.
520 ## - SUMMARY, ETC.
Summary, etc რეზ. რუს.
653 ## - INDEX TERM--UNCONTROLLED
Uncontrolled term მკითხველთა მომსახურების ორგანიზაცია
700 ## - ADDED ENTRY--PERSONAL NAME
Personal name ხადური, ს.
Relator term რედაქტორი
9 (RLIN) 4722
700 ## - ADDED ENTRY--PERSONAL NAME
Personal name გურგენიძე, ნ.
Relator term რედაქტორი
9 (RLIN) 4723
710 ## - ADDED ENTRY--CORPORATE NAME
Corporate name or jurisdiction name as entry element საქ. სსრ მეცნ. აკადემია. ცენტრ. სამეცნ. ბიბ-კა.
9 (RLIN) 4724
942 ## - ADDED ENTRY ELEMENTS (KOHA)
Koha item type წიგნი
Source of classification or shelving scheme
ეგზემპლარები
ჩამოწერის სტატუსი დაკარგული ეგზემპლარის სტატუსი კლასიფიკაციის წყარო ან თაროზე გაწყობის სქემა დაზიანების სტატუსი არ გაიცემა მუდმივი მდებარეობა (დაცვის ადგილი) ამჟამინდელი ადგილსამყოფელი თაროზე განთავსების ადგილი შეძენის თარიღი ღირებულება, შესყიდვის ნორმალური ფასი სრული შენახვის შიფრი შტრიხკოდი ბოლო ოპერაციის თარიღი ეგზემპლარის მიმდევრობითი ნომერი (კეტერი?) ფასის ძალაში შესვლის თარიღი ეგზემპლარის სახეობა საჯარო შენიშვნა
          ბათუმის შოთა რუსთაველის სახელმწიფო უნივერსიტეტის მთავარი ბიბლიოთეკა ბათუმის შოთა რუსთაველის სახელმწიფო უნივერსიტეტის მთავარი ბიბლიოთეკა წიგნსაცავი 2018-12-17 2.40 024.5 ლ–85 6010 2018-12-17 6010 2018-12-17 წიგნი 2 ლ. 40 თ.